| 000 | 00723nam a2200217 i 4500 | ||
|---|---|---|---|
| 001 | 24047 | ||
| 003 | ES-MaACL | ||
| 005 | 20250930063038.0 | ||
| 007 | t| | ||
| 008 | 021213s1961 sp ||||1| spa d | ||
| 100 | 1 |
_aClarasó, Noel, _d1899-1985 _939003 |
|
| 245 | 1 | 3 |
_aEl amor de los dioses y de los héroes / _cNoel Clarasó ; con 29 litografías de Juan Palet. |
| 250 | _a1ª ed. | ||
| 260 |
_aBarcelona : _bAymá, _c1961. |
||
| 300 |
_a253 p. : _bil. ; _c27 cm. |
||
| 490 | 1 |
_aLas más bellas historias y leyendas de amor ; _v1 |
|
| 650 | 4 |
_aAmor- _xMitología. _9159813 |
|
| 830 | 1 |
_aLas más bellas historias y leyendas de amor ; _v1 _9229069 |
|
| 852 |
_aES-MaACL _jG-6175 |
||
| 999 |
_c24047 _d24047 |
||